Connecting Clever Chains Quiz Stats

Quiz Updated Aug 28, 2015

Also try: 'C' Blitz
Challenge
Share
Tweet
Score 0/12 Timer 03:00
0 Plays Today
% Correct
Chocolate
97.5%
Coca
97%
Cha
95.8%
Cross
94.5%
Chim
92.7%
Chili
91.9%
Child
91.5%
Chattanooga
88%
Cape
87.1%
Civilian
74.5%
Carrie
71.2%
Country
68.9%

You're not logged in!

Compare scores with friends on all Sporcle quizzes.
Sign Up with Email
OR
Log In

You Might Also Like...

Show Comments

Extras

Top Quizzes Today


Score Distribution

Your Account Isn't Verified!

In order to create a playlist on Sporcle, you need to verify the email address you used during registration. Go to your Sporcle Settings to finish the process.